000 00654nam a2200205 a 4500
001 000012127
005 20260305073958.0
008 091105s1998 dr 000 f spa d
040 _aDO-SdBNP
_bspa
_cBNPHU
082 _aRD863.44
_bG377m
100 1 _aGerón, Candido,
_d1948-
_93577
245 1 0 _aMorgan /
_cCándido Gerón ; prólogo Manuel Rueda.
260 _aSanto Domingo :
_bCorripio,
_c1998.
300 _a332 p. ;
_c23 cm.
590 _aInventariado, 2020 / DG
650 0 _aNovela dominicana
_9223
650 0 _aLiteratura dominicana.
_967
700 1 _aRueda, Manuel,
_d1921-1999
_epról.
_922834
910 _aValidado. Control de calidad BNPHU
999 _c11792
_d11792